Capacidad de respuesta: camino al reconocimiento del sector de la microempresa /
Enregistré dans:
| Collectivités auteurs: | , |
|---|---|
| Format: | Texte |
| Publié: |
Ciudad de Guatemala:
COCEMI
|
| Tags: |
Ajouter un tag
Pas de tags, Soyez le premier à ajouter un tag!
|
MARC
| LEADER | 00000 a a2200000 04500 | ||
|---|---|---|---|
| 001 | 37943 | ||
| 003 | |||
| 040 | |||
| 090 | |a 1001 M533m | ||
| 110 | |a Empresarios de la Microempresa de la Región Central de América, Comité Coordinador | ||
| 245 | |a Capacidad de respuesta: camino al reconocimiento del sector de la microempresa / |c Empresarios de la Microempresa de la Región Central de América, Comité Coordinador | ||
| 260 | |a Ciudad de Guatemala: |b COCEMI | ||
| 300 | |a 145 p. | ||
| 710 | |a COCEMI | ||
| 999 | |c 1630 |d 1630 | ||
